000 00313nam a22001337a 4500
008 170505b xxu||||| |||| 00| 0 eng d
020 _a9780393954371
041 _aeng
080 _23RD
_a34
100 _a15
101 _aSHJ
245 _aTHE SUPREME COURT AND THE CONSTITUTION
_cKUTLER, S.I
942 _2udc
_cBK
999 _c12744
_d12744